000 01178cam a2200313 a 4500
001 1618312
003 OSt
005 20250901165758.0
008 951221s1996 nyu b 000 0aeng
010 _a 95053314
020 _a0679448446 (hbk. : acidfree paper)
040 _aDLC
_cDLC
_dDLC
043 _an-us---
050 0 0 _aRC 280 .P7 K67 1996
_bK67 1996
082 0 0 _a362.1/9699463
_aB
_220
100 1 _aKorda, Michael,
_d1933-
245 1 0 _aMan to man :
_bsurviving prostate cancer /
_cMichael Korda.
250 _a1st ed.
260 _aNew York :
_bRandom House,
_cc1996.
300 _a254 p. ;
_c22 cm.
504 _aIncludes bibliographical references.
600 1 0 _aKorda, Michael,
_d1933-
_xHealth.
650 0 _aProstate
_xCancer
_xPatients
_zUnited States
_xBiography.
856 4 2 _3Contributor biographical information
_uhttp://www.loc.gov/catdir/bios/random057/95053314.html
856 4 2 _3Publisher description
_uhttp://www.loc.gov/catdir/description/random0412/95053314.html
906 _a7
_bcbc
_corignew
_d1
_eocip
_f19
_gy-gencatlg
942 _2lcc
_cBK
999 _c9152
_d9152